Riba job book (Record no. 115362)

MARC details
000 -LEADER
fixed length control field 00625cam a22002055a 4500
001 - CONTROL NUMBER
control field L158535
008 - FIXED-LENGTH DATA ELEMENTS--GENERAL INFORMATION
fixed length control field 150414s2013 xxk f 000 0 eng d
020 ## - INTERNATIONAL STANDARD BOOK NUMBER
International Standard Book Number 9781859464960
035 ## - SYSTEM CONTROL NUMBER
System control number (Sirsi) u158535
041 0# - LANGUAGE CODE
Language code of text/sound track or separate title eng
050 04 - LIBRARY OF CONGRESS CALL NUMBER
Classification number 690
110 2# - MAIN ENTRY--CORPORATE NAME
Corporate name or jurisdiction name as entry element RIBA
245 00 - TITLE STATEMENT
Title Riba job book
250 ## - EDITION STATEMENT
Edition statement 9th ed.
260 ## - PUBLICATION, DISTRIBUTION, ETC.
Place of publication, distribution, etc. RIBA Publishing, 2013
520 ## - SUMMARY, ETC.
Summary, etc. RIBA Job Book is the Royal Institute of British Architects' long established and recognised standard reference for running architectural projects and administering construction contracts
521 ## - TARGET AUDIENCE NOTE
Target audience note Advanced
651 #4 - SUBJECT ADDED ENTRY--GEOGRAPHIC NAME
Geographic name ENGLAND AND WALES
942 ## - ADDED ENTRY ELEMENTS (KOHA)
Suppress in OPAC 0
Holdings
Withdrawn status Lost status Source of classification or shelving scheme Damaged status Not for loan Home library Current library Shelving location Date acquired Total Checkouts Full call number Barcode Date last seen Copy number Price effective from Koha item type
    Dewey Decimal Classification     London London Books 14/04/2015   F690 RIB 30078912 06/08/2019 1 06/08/2019 Book